Statystyki dla 15 krajów o największej liczbie zgonów Covid19 - 10 listopada 2021

Kliknij tutaj aby rozwiązać quiz!

Ogólne statystyki

  • Ten quiz został rozwiązany 20 razy
  • Średni wynik to 12 z 25

Statystyki odpowiedzi

kraj% Poprawnych
Stany Zjednoczone
94%
Niemcy
89%
Włochy
83%
Brazylia
78%
Francja
78%
Indie
78%
Rosja
72%
Wielka Brytania
72%
Argentyna
67%
Meksyk
67%
Czechy
50%
Indonezja
44%
Peru
44%
Republika
Południowej Afryki
44%
Iran
39%
Kolumbia
39%
Słowacja
28%
Słowenia
28%
Bośnia i Hercegowina
22%
Chorwacja
17%
Macedonia Północna
17%
Węgry
17%
Bułgaria
11%
Rumunia
11%
Gruzja
0%

Rozkład punktacji

Percentyl według liczby udzielonych odpowiedzi

Procent ludzi z każdym wynikiem

Twoja historia wyników

Nie rozwiązałeś tego quizu